Quản lý điều dưỡng (dùng cho đào tạo cử nhân điều dưỡng)

Gồm các bài giảng của chuyên ngành quản lý điều dưỡng: tổ chức ngành điều dưỡng, các mô hình phân công chăm sóc, vai trò và nhiệm vụ của điều dưỡng trưởng bệnh viện, điều dưỡng trưởng khoa......

Descripció completa

Guardat en:
Dades bibliogràfiques
Autor principal: Lê, Văn An
Format: Llibre
Idioma:Undetermined
Publicat: Hà Nội Giáo dục Việt Nam 2012
Matèries:
Etiquetes: Afegir etiqueta
Sense etiquetes, Sigues el primer a etiquetar aquest registre!
Thư viện lưu trữ: Trung tâm Học liệu Trường Đại học Cần Thơ
LEADER 00930nam a2200205Ia 4500
001 CTU_197218
008 210402s9999 xx 000 0 und d
020 |c 55000 
082 |a 610.73 
082 |b A105 
100 |a Lê, Văn An 
245 0 |a Quản lý điều dưỡng (dùng cho đào tạo cử nhân điều dưỡng) 
245 0 |c Lê Văn An (chủ biên) 
260 |a Hà Nội 
260 |b Giáo dục Việt Nam 
260 |c 2012 
520 |a Gồm các bài giảng của chuyên ngành quản lý điều dưỡng: tổ chức ngành điều dưỡng, các mô hình phân công chăm sóc, vai trò và nhiệm vụ của điều dưỡng trưởng bệnh viện, điều dưỡng trưởng khoa... 
650 |a Nursing,Điều dưỡng 
904 |i Nguyên 
980 |a Trung tâm Học liệu Trường Đại học Cần Thơ